00552nam a22001697a 450000500170000001000150001702000260003203500140005803700090007208200100008110000330009124500760012426000630020027000940026330000220035770000030037920250115154827.0 aENG-143431 a9789391373092c190.00 aEN-126963 bDBAD a658.1 aSomasundari Dr. K. Meenatchi aOrganizational Theory and Development/cBy Dr. K. Somasundari Meenatchi aVasantha Nagar, Madurai, Tamil NadubShanalax Publications a61, 66 T.P.K. Main Road, Vasantha Nagar, Madurai, Tamil NadubMadurai, Tamil Nadue625003 a179p. c22cm(pb)